• 首页
  • 本馆介绍
  • 公告通知
  • 最新文献
  • 馆藏检索
  • 电子资源
  • 读者导购
  • 参考咨询
  • 我的图书馆
  • 登录
  • 详细信息显示
  • 放入我的书架
  • 预约/预借图书
  • 作者相关作品
  • 分类相关作品
  • 丛书相关作品
  • 出版社相关作品

书目信息

  • 表格格式
  • 工作单格式
  • 卡片格式
题名:
空间数据的误差处理
    
 
作者: 魏克让 , 江聪世 编著
分册:  
出版信息: 北京   科学出版社  2003
页数: 238页
开本: 24cm
丛书名:
单 册:
中图分类: P236
科图分类:
主题词: 卫星测量法
电子资源:
ISBN: 7-03-011587-2
000 00916nam0 2200253 45
001 030000000762
005 20051115165553.76
010    @a7-03-011587-2@dCNY25.00
092    @aCN
100    @a20030915d2003 em y0chiy0120 ea
101 0  @achi
102    @aCN@b110000
105    @ak z 000yy
200 1  @a空间数据的误差处理@9kong jian shu ju de wu cha chu li@f魏克让,江聪世编著@Fwei ke rang,jiang cong shi bian zhu
210    @a北京@c科学出版社@d2003
215    @a238页@d24cm
300    @a21世纪高等院校教材
330    @a全书共分七章,内容重点在于介绍测绘类空间数据误差分析和处理的基本理论和方法,并根据信息工程、遥感、航测专业学习的需要,阐述了诸如地理空间信息基础、多元统计分析以及空间数据质量控制与抽检等内容。
606 0  @a卫星测量法
690    @aP236@v4
701  0 @a魏克让@Awei ke rang@4编著
701  0 @a江聪世@Ajiang cong shi@4编著
801  0 @aCN@bCXYBOOK@c20051115
905    @a10447@dP236@e103
    
    空间数据的误差处理/魏克让,江聪世编著.-北京:科学出版社,2003
    238页;24cm
    21世纪高等院校教材
    
    ISBN 7-03-011587-2:CNY25.00
    全书共分七章,内容重点在于介绍测绘类空间数据误差分析和处理的基本理论和方法,并根据信息工程、遥感、航测专业学习的需要,阐述了诸如地理空间信息基础、多元统计分析以及空间数据质量控制与抽检等内容。
●
相关链接 在E读中查询图书 在五车中查询图书 在当当中查询图书 在豆瓣中查询图书


正题名:空间数据的误差处理     索取号:P236/103         预约/预借

序号 登录号 条形码 馆藏地/架位号 状态 备注
1 0367875   203678751   第二样本阅览室/ [索取号:P236/103] 在馆    
2 0367876   203678760   第三借阅区/ [索取号:P236/103] 在馆    
3 0367877   203678779   第三借阅区/ [索取号:P236/103] 在馆    
唐山师范学院图书馆 欢迎您!
大连网信软件有限公司© 版权所有